Countries With The Most Stadiums - Statistics

General Stats
  • This quiz has been taken 395 times
    348 since last reset
  • The average score is 16 of 20
Answer Stats
No. Of Stadiums Answer % Correct
917 United States
100%
180 United Kingdom
99%
111 France
97%
171 Germany
97%
889 Brazil
95%
90 Russia
95%
113 Spain
95%
238 China
94%
82 Argentina
92%
93 Mexico
92%
93 Italy
91%
179 India
87%
149 Japan
83%
119 Australia
80%
58 Poland
70%
172 South Korea
64%
51 Turkey
63%
78 South Africa
56%
105 Indonesia
55%
73 Iran
42%
No matching quizzes found
Score Distribution
Percent of People with Each Score
Percentile by Number Answered
Your Score History
You have not taken this quiz since the last reset